Statistics for Countries that Produce the Most Oranges

Click here to take the quiz!

General Stats

  • This quiz has been taken 53 times
  • The average score is 8 of 10

Answer Stats

Tons of OrangesCountries% Correct
15.7MUnited States
92%
35.6MBrazil
90%
14.4MChina
90%
8.1MMexico
90%
3.4MSpain
90%
10.8MIndia
85%
1.7MItaly
83%
2.9MEgypt
60%
1.8MTurkey
60%
1.7MSouth Africa
42%

Score Distribution

Percentile by Number Answered

Percent of People with Each Score

Your Score History

You have not taken this quiz